000 00321nam a2200133Ia 4500
008 140626s9999 xx 000 0 und d
100 _aKrell, Eric
245 _aWhen HR Teams Work Virtually /
_cEric Krell.
260 _cc2012.
300 _a57 : 9, page 81
440 _aHR Magazine
521 _aBSBA
942 _cSE
999 _c121483
_d121483